000 00756nam a22002297a 4500
999 _c6030
_d6030
005 20260127114440.0
008 260127b ||||| |||| 00| 0 eng d
020 _a9780008649081
040 _cKH8
082 _a823.92
100 _aWALLIAMS,DAVID
_eAUTHOR
245 _aSANTA & SON
260 _aMacken House,39/40 Mayor Street Upper,Dublin 1,D01 C9W8,Ireland
_bHarperCollinsPublishers
_c2025
300 _a285 pages
_bColour illustration
_c13 cm x 21 cm
520 _aIt's the night of Christmas Eve. In the most famous toy shop in the world, a robbery is underway. -Publisher-
650 _aJuvenile Fiction
_vChristmas
655 _aHumour
655 _aAction
655 _aFestive
700 _aStower,Adam
_eiLLUSTRATOR
942 _2ddc
_cFIC